[Event "Hastings Masters op"]
[Site "Hastings"]
[Date "2024.01.01"]
[Round "5"]
[White "Fryer, David W"]
[Black "Nainika, Gupta"]
[Result "1/2-1/2"]
[WhiteElo "1914"]
[BlackElo "1543"]
[PlyCount "101"]
[EventDate "2023.12.28"]
[EventType "swiss"]
[EventRounds "9"]
[EventCountry "ENG"]
[SourceTitle "CB02_2024"]
[SourceDate "2024.01.10"]
[SourceVersion "1"]
[SourceVersionDate "2024.01.10"]
[SourceQuality "1"]

1. e4 d6 2. d4 Nf6 3. Nc3 g6 4. Be3 Bg7 5. Qd2 a6 6. f3 b5 7. 0-0-0 b4 8. Nce2 a5 9. Kb1 Na6 10. Nc1 c6 11. Bh6 Bxh6 12. Qxh6 a4 13. Bxa6 Rxa6 14. Nge2 Qa5 15. g4 Be6 16. h4 Nd7 17. d5 cxd5 18. Nd4 Nc5 19. Nxe6 Nxe6 20. exd5 Nc7 21. Qd2 a3 22. b3 Qc5 23. Rhe1 Nb5 24. Ne2 Kd7 25. Rc1 Rc8 26. Nf4 Qc3 27. Qxc3 Nxc3+ 28. Ka1 Ra5 29. Nd3 Nxd5 30. Re4 Rb5 31. c4 bxc3 32. Ra4 Ne3 33. Rxa3 Rd5 34. Ra7+ Kd8 35. Nb4 Rd4 36. a3 Rd2 37. Ra6 Nd5 38. Nxd5 Rxd5 39. b4 Rd3 40. b5 Rb8 41. a4 Kc7 42. Rc6+ Kb7 43. R1xc3 Rxc3 44. Rxc3 Ra8 45. Rc4 e5 46. g5 d5 47. Rb4 Kb6 48. Kb2 Rc8 49. Kb3 Rc1 50. Kb2 Rc8 51. Kb3 1/2-1/2

[Event "SGP-ch 74th"]
[Site "Singapore"]
[Date "2023.01.29"]
[Round "3"]
[White "Nainika, Gupta"]
[Black "Teo, Hong Ming"]
[Result "0-1"]
[WhiteElo "1285"]
[BlackElo "1872"]
[PlyCount "80"]
[EventDate "2023.01.27"]
[EventType "swiss"]
[EventRounds "9"]
[EventCountry "SIN"]
[SourceTitle "CBM 212 Extra"]
[Source "ChessBase"]
[SourceDate "2023.03.31"]
[SourceVersion "1"]
[SourceVersionDate "2023.03.31"]
[SourceQuality "1"]

1. e4 c5 2. d4 cxd4 3. c3 dxc3 4. Nxc3 Nc6 5. Bc4 e6 6. Nf3 a6 7. Qe2 b5 8. Bb3 Bb7 9. 0-0 Nge7 10. Bg5 h6 11. Bf4 Ng6 12. Bg3 Na5 13. Bc2 Be7 14. Rfd1 0-0 15. Rd3 Bc6 16. Nd4 Qb6 17. Nf5 Bc5 18. Nd6 Nb7 19. Rad1 Nxd6 20. Bxd6 Bxd6 21. Rxd6 Qc5 22. Kh1 Qe5 23. R6d4 h5 24. Qe3 h4 25. Ne2 Qh5 26. h3 Rae8 27. Qd2 e5 28. Rd6 Re6 29. Rxe6 fxe6 30. Rf1 a5 31. Bd1 Qh7 32. Bc2 b4 33. Qg5 Bb5 34. Qe3 Nf4 35. Bd1 Qg6 36. Rg1 Nd3 37. Rf1 Nxb2 38. Bc2 Nc4 39. Qc5 Na3 40. Bd1 Qxe4 0-1

[Event "SGP-ch 74th"]
[Site "Singapore"]
[Date "2023.01.27"]
[Round "1"]
[White "Nainika, Gupta"]
[Black "Kapoor, Satvik"]
[Result "0-1"]
[WhiteElo "1285"]
[BlackElo "1759"]
[PlyCount "62"]
[EventDate "2023.01.27"]
[EventType "swiss"]
[EventRounds "9"]
[EventCountry "SIN"]
[SourceTitle "CBM 212 Extra"]
[Source "ChessBase"]
[SourceDate "2023.03.31"]
[SourceVersion "1"]
[SourceVersionDate "2023.03.31"]
[SourceQuality "1"]

1. Nf3 Nf6 2. Nc3 d5 3. d4 Bf5 4. Bf4 e6 5. e3 Bb4 6. Bd3 Ne4 7. Bxe4 Bxe4 8. 0-0 Bxc3 9. bxc3 Bxf3 10. Qxf3 c6 11. Rab1 b5 12. Qg4 Qf6 13. c4 dxc4 14. Be5 Qg6 15. Qf3 0-0 16. Bxb8 Raxb8 17. Qxc6 Qxc2 18. Rxb5 Rxb5 19. Qxb5 Qxa2 20. Rc1 c3 21. Qc5 Rb8 22. Qxc3 h6 23. h3 Rb1 24. Qc8+ Kh7 25. Qc6 Rxc1+ 26. Qxc1 a5 27. Qd1 a4 28. e4 Qb3 29. Qc1 a3 30. d5 exd5 31. exd5 a2 0-1

[Event "Tanglin op"]
[Site "Singapore"]
[Date "2022.05.30"]
[Round "4"]
[White "Nainika, Gupta"]
[Black "Koh, Kum Hong"]
[Result "0-1"]
[WhiteElo "1277"]
[BlackElo "2187"]
[PlyCount "76"]
[EventDate "2022.05.28"]
[EventType "swiss"]
[EventRounds "9"]
[EventCountry "SIN"]
[SourceTitle "CBM 208 Extra"]
[Source "ChessBase"]
[SourceDate "2022.07.31"]
[SourceVersion "1"]
[SourceVersionDate "2022.07.31"]
[SourceQuality "1"]

1. e4 c5 2. d4 cxd4 3. c3 dxc3 4. Nxc3 Nc6 5. Bc4 d6 6. Nf3 a6 7. 0-0 Nf6 8. h3 e6 9. Qe2 Be7 10. Rd1 b5 11. Bb3 Na5 12. e5 Nxb3 13. axb3 Nd5 14. exd6 Qxd6 15. Nxb5 Qb8 16. Nbd4 Qb7 17. Bg5 Bxg5 18. Nxg5 0-0 19. Qe4 Nf6 20. Qc6 Rb8 21. Rac1 Bd7 22. Qd6 Qd5 23. Qg3 Rbc8 24. Qe3 Rxc1 25. Rxc1 Qb7 26. Ngf3 Nd5 27. Qe4 Rc8 28. Rxc8+ Qxc8 29. Qc2 Qxc2 30. Nxc2 f6 31. g4 e5 32. Nd2 Nf4 33. Kh2 Nd3 34. Kg3 Nxb2 35. Ne4 Nd3 36. b4 Ba4 37. Nc5 Nxc5 38. bxc5 Bxc2 0-1

[Event "Penang op-B 11th"]
[Site "Penang"]
[Date "2019.12.09"]
[Round "1"]
[White "Nainika, Gupta"]
[Black "Sulthon, Hartanto"]
[Result "0-1"]
[WhiteElo "1184"]
[BlackElo "1848"]
[PlyCount "62"]
[EventDate "2019.12.09"]
[EventType "swiss"]
[EventRounds "9"]
[EventCountry "MAS"]
[SourceTitle "CBM 193 Extra"]
[Source "ChessBase"]
[SourceDate "2020.01.31"]
[SourceVersion "1"]
[SourceVersionDate "2020.01.31"]
[SourceQuality "1"]

1. e4 c5 2. d4 cxd4 3. c3 dxc3 4. Nxc3 Nc6 5. Bc4 e6 6. Nf3 Bb4 7. 0-0 Bxc3 8. bxc3 Nge7 9. Nd4 d5 10. exd5 exd5 11. Nxc6 bxc6 12. Bd3 0-0 13. Qh5 g6 14. Qe5 f6 15. Qf4 Bf5 16. Rd1 Bxd3 17. Rxd3 c5 18. Ba3 Rc8 19. Rg3 Qc7 20. Qg4 Kf7 21. Re1 Nf5 22. Qh3 h5 23. Rf3 Rfe8 24. Rd1 Qe5 25. g3 d4 26. c4 Qe2 27. Rfd3 Rc7 28. R1d2 Qe1+ 29. Kg2 Re2 30. Rxe2 Qxe2 31. Rf3 Ne3+ 0-1